| 000 | 00572nam a2200229 a 4500 | ||
|---|---|---|---|
| 999 |
_c8718 _d8718 |
||
| 001 | 8718 | ||
| 003 | BD-JhCC | ||
| 005 | 20181001173625.0 | ||
| 008 | 180301s1963 e 000 0 e d | ||
| 035 | _a(BD-JhCC)8718 | ||
| 040 |
_aBD-JhCC _cEQO _dBD-JhCC |
||
| 041 | _aeng | ||
| 082 |
_a823.914 _bBKA 1963 |
||
| 100 | 1 | _aBlacker, 'Monkey' | |
| 245 | 1 | 0 |
_aSoldier in the saddle / _c[by] 'Monkey' Blacker |
| 260 |
_aLond, _c1963 |
||
| 300 |
_a191 p. : _c18 cm. |
||
| 650 | _aEnglish Stories | ||
| 830 | 0 |
_aMod. men of action ; _v2 |
|
| 942 |
_2ddc _cBK |
||